| 000 | 00833cam a2200241 a 4500 | ||
|---|---|---|---|
| 001 | 000014210 | ||
| 005 | 20200929163525.0 | ||
| 008 | 740520s1969 nyua b 000 0 engd | ||
| 040 |
_aDO-SdBNP _beng _cLC _dBNPHU |
||
| 050 | 0 | 0 |
_aE185 _b.F825 1967 |
| 082 |
_a325.2/6/097 _bF831f |
||
| 100 | 1 |
_aFranklin, John Hope, _d1915-2009. _932103 |
|
| 245 | 1 | 0 |
_aFrom slavery to freedom : _ba history of negro americans / _cJohn Hope Franklin. |
| 260 |
_aNew York : _bVintage Books, _c1969. |
||
| 300 |
_axxii, 686, xliii p. : _bil. ; _c25 cm. |
||
| 490 | 1 |
_aA Vintage Giant, _vv. 498 |
|
| 504 | _a"Notas bibliográficas": p. [653]-686. | ||
| 650 | 0 |
_aAfrican americans _xHistory. _932104 |
|
| 650 | 0 |
_aSlavery _zUnited States _xHistory. _932105 |
|
| 830 | 2 |
_aA Vintage Giant, _vv. 498 _932106 |
|
| 910 | _aCatalogación derivada | ||
| 049 | _aBNGR | ||
| 999 |
_c13810 _d13810 |
||